00752cam a2200229ua 450000100060000000800390000604000090004504100120005408200120006610000210007824500610009925000090016026000530016930000160022250000910023865300140032970000310034370000180037494200070039299900170039995201060041622018160216n2012 II |||frmmmmZ001|0|eng aMAIN aEnglish a370 SEJ aSEJWAL, PREETHI. aENCYCLOPAEDIA OF PYCHOLOGY : ABNORMAL PSYCHOLOGY (Vol-2) a1ST. aNEW DELHIbCRESENT PUBLICATION COOPERATIONc2012 a277:c20CM. aMRP BOOK - Minor Research Project by Dr. Rantu Gohain, Education Deptt, SGC,03-05-2016 aEducation aSEJWAL, PREETHI.,eAuthor. aARORA, MEGNA. cBK c21878d21878 001040708REFaMAINbMAINcENCYd2016-05-03o370 SEJp33150r2020-02-27 00:00:00t1w2020-02-27yBK